[Event "ROM-chT U18"]
[Site "Mamaia"]
[Date "2012.09.06"]
[Round "6"]
[White "Muresan, Cristian Nicu"]
[Black "Cosmin, Ivan"]
[Result "1-0"]
[WhiteElo "1706"]
[BlackElo "1662"]
[PlyCount "77"]
[EventDate "2012.09.03"]
[EventType "team-swiss"]
[EventRounds "7"]
[EventCountry "ROU"]
[SourceTitle "CBM 150 Extra"]
[Source "ChessBase"]
[SourceDate "2012.10.19"]
[SourceVersion "1"]
[SourceVersionDate "2012.10.19"]
[SourceQuality "1"]

1. e4 d6 2. Nf3 Nf6 3. Nc3 g6 4. d4 Bg7 5. Bc4 0-0 6. 0-0 a6 7. a4 c6 8. a5 Nbd7 9. e5 Ne8 10. e6 fxe6 11. Bxe6+ Kh8 12. Ng5 Qc7 13. Nf7+ Kg8 14. Nxd6+ Kh8 15. Nf7+ Kg8 16. Ng5+ Kh8 17. Be3 Ndf6 18. Bb3 h6 19. Nf7+ Kh7 20. Ne5 Nd6 21. Ne2 Nd5 22. Nf3 Bg4 23. Bxd5 cxd5 24. Nf4 e6 25. h3 Bxf3 26. Qxf3 Qxc2 27. Qg4 h5 28. Qxe6 Nb5 29. Qxd5 Nc7 30. Qa2 Qe4 31. Ne2 Nd5 32. Nc3 Nxc3 33. bxc3 Rac8 34. Rfc1 Qd3 35. Qc2 Qc4 36. Qa4 Qd3 37. Qb4 Rf7 38. Ra2 Re7 39. Qxe7 1-0